Calvin und das Recht

Αποθηκεύτηκε σε:
Λεπτομέρειες βιβλιογραφικής εγγραφής
Κύριος συγγραφέας: Bohatec, Josef (Συγγραφέας)
Μορφή: Βιβλίο
Έκδοση: Aalen, Deutschland: Scientia, 1991.
Θέματα:
Ετικέτες: Προσθήκη ετικέτας
Δεν υπάρχουν, Καταχωρήστε ετικέτα πρώτοι!

MARC

LEADER 00000nam a22000007a 4500
003 CL-VaPUC
005 20220822114838.0
008 220808t1991 ||||| |||| 00| 0 eng d
999 |c 438124  |d 438122 
020 |a 3-511-00767-4 
040 |c Pontificia Universidad Católica de Valparaíso 
082 7 |a 340.112 BOH 1991  |2 22 
100 1 |a Bohatec, Josef  |e author  |9 875120 
245 |a Calvin und das Recht 
250 |b Segunda reimpresión de la edición de Feudingen 1934. 
260 |a Aalen, Deutschland:  |b Scientia,   |c 1991. 
300 |a 286 páginas.  
500 |a c.1 Donación Familia Prof. Alejandro Guzmán Brito. 
583 |c 20220808  |k Cristina María Rojas Aguilar 
600 0 |a Calvino, Juan,  |9 346728  |d 1509-1564. 
650 |a Derecho natural   |9 255041 
650 |a Derecho   |x Filosofía   |9 866192 
942 |2 ddc  |c BK  |n 0 
952 |0 0  |1 0  |2 ddc  |4 0  |6 340_112000000000000_BOH_1991  |7 1  |8 C_AGB  |9 586007  |a BIBDER  |b BIBDER  |d 2022-08-08  |e Donación   |i 5653993  |o 340.112 BOH 1991  |p 5653993  |r 2023-01-25  |t 1  |w 2022-08-08  |y BK_US  |k AGB